Normal view
MARC view
- CHELLAM,MEENAKSHI
Entry Personal Name
001 - CONTROL NUMBER
- control field: 64742
003 - CONTROL NUMBER IDENTIFIER
- control field: NUST
005 - DATE AND TIME OF LATEST TRANSACTION
- control field: 20210628203327.0
008 - FIXED-LENGTH DATA ELEMENTS
- fixed length control field: 210628|| aca||aabn | a|a d
040 ## - CATALOGING SOURCE
- Original cataloging agency: NUST
- Transcribing agency: NUST
100 ## - HEADING--PERSONAL NAME
- Personal name: CHELLAM,MEENAKSHI
670 ## - SOURCE DATA FOUND
- Source citation: Work cat.: (NUST): CHELLAM,MEENAKSHI, FOX PRO 2.0 , COMMANDS AND FUNCTIONS, 1992
